「石」を「いし」と読まない駅 - Statistics

General Stats
  • This quiz has been taken 34 times
  • The average score is 7 of 22
Answer Stats
都府県 駅名 読み % Correct
奈良県 石見 いわみ
68%
山梨県 石和温泉 いさわおんせん
55%
東京都 石神井公園 しゃくじいこうえん
48%
京都府 石原 いさ
45%
島根県 石見福光 いわみふくみつ
45%
富山県 石動 いするぎ
42%
東京都 上石神井 かみしゃくじい
42%
島根県 石見津田 いわみつだ
39%
東京都 千石 せんごく
39%
京都府 石清水八幡宮 いわしみずはちまんぐう
35%
兵庫県 明石 あかし
32%
兵庫県 石生 いそう
32%
島根県 石見横田 いわみよこた
29%
鳥取県 上石見 かみいわみ
29%
兵庫県 西明石 にしあかし
29%
愛知県 石刀 いわと
26%
富山県 五百石 ごひゃくこく
26%
愛媛県 伊予出石 いよいずし
23%
愛媛県 伊予石城 いよいわき
23%
兵庫県 山陽明石 さんようあかし
23%
宮城県 万石浦 まんごくうら
6%
高知県 領石通 りょうせきどおり
6%
No matching quizzes found
Score Distribution
Percent of People with Each Score
Percentile by Number Answered
Your Score History
You have not taken this quiz